Państwa o największej sumie opadów - Statystyki

Ogólne statystyki
  • Ten quiz został rozwiązany 14 razy
  • Średni wynik to 13 z 20
Statystyki odpowiedzi
km³ / rok Państwo % Poprawnych
15 167 Brazylia
91%
3 540 Indie
91%
5 077 Indonezja
91%
1 737 Wenezuela
91%
1 710 Argentyna
82%
6 060 Chiny
82%
3 506 Demokratyczna Republika Konga
82%
5 452 Kanada
82%
2 882 Kolumbia
82%
8 122 Rosja
82%
1 465 Meksyk
73%
7 449 Stany Zjednoczone
73%
974 Malezja
64%
4 061 Australia
55%
1 260 Boliwia
55%
1 111 Nigeria
55%
1 991 Peru
55%
1 449 Mjanma
27%
1 417 Papua-Nowa Gwinea
27%
1 297 Angola
9%
Nie znaleziono quizów pasujących do podanych kryteriów
Rozkład punktacji
Procent ludzi z każdym wynikiem
Percentyl według liczby udzielonych odpowiedzi
Twoja historia wyników
Nie rozwiązałeś tego quizu